Macroeconomics (Record no. 14198)

MARC details
000 -LEADER
fixed length control field 00425nam a22001577a 4500
003 - CONTROL NUMBER IDENTIFIER
control field URS
005 - DATE AND TIME OF LATEST TRANSACTION
control field 20220114171558.0
008 - FIXED-LENGTH DATA ELEMENTS--GENERAL INFORMATION
fixed length control field 170324b xxu||||| |||| 00| 0 eng d
050 ## - LIBRARY OF CONGRESS CALL NUMBER
Classification number HB172.5
Item number G67 1984
100 ## - MAIN ENTRY--PERSONAL NAME
Personal name Gordon, Robert J.
Relator code author
245 ## - TITLE STATEMENT
Title Macroeconomics
Statement of responsibility, etc. Robert J. Gordon
250 ## - EDITION STATEMENT
Edition statement Third Edition
260 ## - PUBLICATION, DISTRIBUTION, ETC.
Place of publication, distribution, etc. Boston:
Name of publisher, distributor, etc. Little, Brown & Co.,
Date of publication, distribution, etc. 1984
300 ## - PHYSICAL DESCRIPTION
Extent xxx, 634 pages;
Dimensions 24 cm.
942 ## - ADDED ENTRY ELEMENTS (KOHA)
Koha item type Foreign Books
Source of classification or shelving scheme Library of Congress Classification
Holdings
Withdrawn status Source of classification or shelving scheme Damaged status Not for loan Collection code Home library Current library Shelving location Date acquired Total Checkouts Full call number Barcode Date last seen Price effective from Koha item type
  Library of Congress Classification     Non-fiction Binangonan College Library Binangonan College Library General Stacks 03/08/2016   HB172.5 G67 1984 URSBIN- 057 03/08/2016 03/08/2016 Foreign Books

University of Rizal System
Email us at univlibservices@urs.edu.ph

Visit our Website www.urs.edu.ph/library